| 000 | 00340cam a22001097a 4500 | ||
|---|---|---|---|
| 008 | 180718b xxu||||| |||| 00| 0 eng d | ||
| 082 | _aT000x5451 An24/1985-90 | ||
| 245 |
_aSeventh five year plan 1985-90 _cby Finance & Planning Department |
||
| 260 |
_aHyderabad _bGovernment of Andhra Pradesh _c |
||
| 300 | _a1v,519p. | ||
| 700 | _aAndhra Pradesh. | ||
| 999 |
_c497060 _d497060 |
||